000 02149cam a22004574a 4500
001 ocm60938483
003 TZ-ArACH
005 20130418140014.0
008 050815m20042006enk b 001 0 eng
010 _a 2005280874
015 _aGBA4W9518
_2bnb
016 7 _a012881488
_2Uk
020 _a1841134090
020 _a9781841134093
035 _a(OCoLC)60938483
_z(OCoLC)144550224
_z(OCoLC)426776626
040 _aDLC
_beng
_cTZ-ArACH
_dBAKER
_dIG#
_dBTCTA
_dPUL
_dUKM
_dYDXCP
_dLVB
_dBWK
_dBWX
_dNDL
_dRCJ
_dCUI
_dOCLCQ
041 _aEng
042 _apcc
049 _aTZAA
050 1 4 _aKZ3410
_b.G58
082 0 0 _a341.2
_222
245 0 0 _aGlobal governance and the quest for justice, volume 4: Human Rights
260 _aOxford ;
_aPortland, Or. :
_bHart Pub.,
_c2004-2008.
300 _av. <1-4> ;
_c24 cm.
500 _aVol. 4 published in 2004.
504 _aIncludes bibliographical references and index.
505 0 _aInternational and regional orgaisations / edited by Douglas Lewis -- v. 2. Corporate governance / edited by Sorcha Macleod and John Parkinson -- v. 3. Civil society / edited by Peter Odell and Chris Willett -- v. 4. Human rights / edited by Roger Brownsword.
650 0 _aInternational organization.
_93953
650 0 _aHuman rights.
_93954
650 6 _aOrganisation internationale.
_93955
650 6 _aDroits de l'homme (Droit international)
_93956
700 1 _aLewis, N. Douglas.
_93957
700 1 _aMacLeod, Sorcha.
_93958
700 1 _aBrownsword, Roger.
_93959
776 0 8 _iOnline version:
_tGlobal governance and the quest for justice.
_dOxford ; Portland, Or. : Hart Pub., 2004-2008
_w(OCoLC)607095167
776 0 8 _iOnline version:
_tGlobal governance and the quest for justice.
_dOxford ; Portland, Or. : Hart Pub., 2004-2008
_w(OCoLC)607497480
856 4 1 _3Table of contents only
_uhttp://catdir.loc.gov/catdir/toc/fy0610/2005280874.html
942 _2lcc
_cBOOK
999 _c1496
_d1496